Os jogadores que marcaram 3 ou mais gols na Copa do Mundo FIFA 2022 - Statistics

Estatísticas Gerais
  • Esse quiz foi jogado 165 vezes
  • A pontuação média é 5 de 11
Estatísticas das Respostas
Gols Jogador % Correto
8 Kylian Mbappé
99%
7 Lionel Messi
99%
3 Richarlison
73%
Julián Álvarez
51%
4 Olivier Giroud
42%
Enner Valencia
37%
Álvaro Morata
25%
Cody Gakpo
23%
Gonçalo Ramos
22%
Bukayo Saka
20%
Marcus Rashford
15%
Nenhum quiz correspondente encontrado
Distribuição das Pontuações
Porcentagem de Pessoas com Cada Pontuação
Percentil de Números Respondidos
Sua Pontuação Histórica
Você não jogou esse quiz